| 000 | 00939nas a2200313 4500 | ||
|---|---|---|---|
| 001 | BR7803202 | ||
| 003 | BR-BrBNA | ||
| 005 | 20231205083437.0 | ||
| 007 | ta | ||
| 008 | 230509b bl.|||p| |||| 00| 00por d | ||
| 040 |
_aBR-BrBNA _bpor _cBiblioteca Nacional de Agricultura |
||
| 041 | _a(Pt) | ||
| 072 | _aE10; E15; L00 | ||
| 100 | 1 | _aMonteiro, I. de O. | |
| 100 | 1 | _aBrandt, S.A. | |
| 100 | 1 | _aQueiroz, E.A. | |
| 100 | 1 | _aMayorga, R.D. | |
| 245 | 1 | _aAnalise econometrica da demanda de fatores de producao na bovinocultura de corte na regiao sul de Mato Grosso | |
| 650 | _aMACROECONOMIA | ||
| 650 | _aMICROECONOMIA | ||
| 650 | _aPRODUCAO ANIMAL | ||
| 650 | _aGADO DE CORTE | ||
| 650 | _aECONOMETRIA | ||
| 650 | _aECONOMIA DA PRODUCAO | ||
| 650 | _aMATO GROSSO | ||
| 773 | 0 |
_tSeiva (Brazil) _xISSN 0037-1122 _g(Apr 1977), v. 37(84) p. 1-10 _wBR7803202 |
|
| 909 |
_a202311 _bLúcia _c55 _dLúcia Elande |
||
| 942 |
_2AGRIS _n0 _cANA |
||
| 999 |
_c98793 _d98793 |
||